Financial accounting made simple (Record no. 3756)

MARC details
000 -LEADER
fixed length control field 00399nam a22001577a 4500
008 - FIXED-LENGTH DATA ELEMENTS--GENERAL INFORMATION
fixed length control field 250604b |||||||| |||| 00| 0 eng d
020 ## - INTERNATIONAL STANDARD BOOK NUMBER
ISBN 9783843443
100 ## - MAIN ENTRY--AUTHOR
Author Igbeno O. Robert
245 ## - TITLE STATEMENT
Title Financial accounting made simple
250 ## - EDITION STATEMENT
Edition statement 6th
260 ## - PUBLICATION, DISTRIBUTION, ETC. (IMPRINT)
Place of publication Lagoa Nigeria
Name of publisher Dynamics book home
Date of publication 2022
300 ## - COLLATION
Pagination 427p
650 ## - TRACINGS
Main Subject Accounting
Subdivision (1st) Finance
942 ## - ADDED ENTRY ELEMENTS (KOHA)
Item type Books
050 ## - LIBRARY OF CONGRESS CALL NUMBER
Classification number HF 5636
Item number .I 33
Holdings
Source of classification or shelving scheme Not for loan Permanent location Current location Date acquired Accession No. Full call number Barcode. Koha item type
Library of Congress Classification   Samuel Ogbemudia Main Library, University of Abuja Samuel Ogbemudia Main Library, University of Abuja 06/04/2025 2025/64877-78 HF 5636.I 33 2025-2332 Books
Library of Congress Classification   Samuel Ogbemudia Main Library, University of Abuja Samuel Ogbemudia Main Library, University of Abuja 06/04/2025 2025/64877-78 HF 5636.I 33 2025-2333 Books